NHL Franchise History - Statistics

General Stats
  • This quiz has been taken 345 times
    249 since last reset
  • The average score is 43 of 61
Answer Stats
Answer % Correct
Montreal Canadiens
92%
New York Rangers
88%
Toronto Maple Leafs
88%
Detroit Red Wings
87%
Ottawa Senators
87%
Ottawa Senators
87%
Chicago Blackhawks
86%
Chicago Black Hawks
86%
Seattle Kraken
85%
Vegas Golden Knights
85%
Winnipeg Jets
85%
Winnipeg Jets
85%
Boston Bruins
84%
New York Islanders
84%
St. Louis Blues
84%
Minnesota Wild
82%
Dallas Stars
81%
Edmonton Oilers
81%
Los Angeles Kings
81%
Philadelphia Flyers
81%
Pittsburgh Penguins
81%
Anaheim Ducks
80%
Calgary Flames
80%
Quebec Nordiques
80%
Arizona Coyotes
79%
Colorado Avalanche
79%
Carolina Hurricanes
78%
Florida Panthers
78%
Tampa Bay Lightning
78%
Vancouver Canucks
78%
Columbus Blue Jackets
77%
Atlanta Thrashers
76%
Nashville Predators
76%
New Jersey Devils
76%
Hartford Whalers
75%
Minnesota North Stars
75%
San Jose Sharks
75%
Buffalo Sabres
72%
Phoenix Coyotes
72%
Montreal Maroons
71%
Mighty Ducks of Anaheim
69%
Washington Capitals
69%
Atlanta Flames
66%
California Golden Seals
62%
Toronto Arenas
60%
Colorado Rockies
59%
Toronto St. Patricks
55%
Cleveland Barons
54%
Kansas City Scouts
54%
Montreal Wanderers
54%
New York Americans
54%
California Seals
50%
Quebec Bulldogs
48%
Hamilton Tigers
46%
Oakland Seals
44%
Philadelphia Quakers
44%
Pittsburgh Pirates
43%
Detroit Cougars
42%
Detroit Falcons
41%
Brooklyn Americans
40%
St. Louis Eagles
38%
No matching quizzes found
Score Distribution
Percent of People with Each Score
Percentile by Number Answered
Your Score History
You have not taken this quiz since the last reset